000
00342nam a22001577a 4500
003
SGT
020
_a
9789351435167
082
_a
340,JAY
100
_a
JAYAKUMAR, N. K.
245
_a
LECTURES IN JURISPRUDENCE
250
_a
3RD
260
_a
NEW DELHI
_b
LEXIS NEXIS
_c
2015
300
_a
324
650
_a
JURISPRUDENCE
942
_2
ddc
_c
BK
_0
6
999
_c
10198
_d
10198